000 01436nam a2200289Ia 4500
999 _c52883
_d52883
001 19913
003 GE_BSU
005 20200509191840.0
008 181216s1979||||ge |||||||||||||| ||geo||
040 _cGE_BSU
041 _ageo
080 _a091(=353.1) + 27-535.8 შ-21
100 _aშანიძე, მზექალა
_98031
245 _aფსალმუნთა წიგნის ძველი ქართული თარგმანები = Древнегрузинские переводы книги псалмов /
_cმზექალა შანიძე ; რედ. კ. წერეთელი.
264 _aთბილისი :
_bმეცნიერება,
_c1979.
300 _a230 გვ. ;
_c22 სმ.
501 _aდამოწმებული ქართული ხელნაწერები
504 _aდამოწმებულ ადგილთა საძიებელი : გვ. 225-229
520 _aრეზიუმე რუსულ ენაზე
541 _h7ლ.
653 _aრელიგია
653 _aფსალმუნები
653 _a ქართული ხელნაწერები
700 _aწერეთელი, კ.
_eრედაქტორი
_98032
710 _aკ. კეკელიძის სახ. ხელნაწერთა ინ-ტი
_98033
942 _cBK
_2udc